000 00563nam a2200217Ia 4500
008 180523s9999 xx 000 0 und d
020 _a978-0-19-921142-5
050 _aMAIN BF 698
050 _b.N48 2007
100 _aNettle, Daniel.
245 0 _aPersonality :
245 0 _bwhat makes you the way you are /
245 0 _cDaniel Nettle.
260 _aNew York :
260 _bOxford University Press,
260 _c2007
300 _a298 pages :
300 _c18 cm.
500 _aIncludes bibliographical references.
650 _aPersonality.
999 _c356578
_d356578